| 000 | 00524 a2200169 4500 | ||
|---|---|---|---|
| 999 |
_c41556 _d41556 |
||
| 003 | OSt | ||
| 005 | 20220926140428.0 | ||
| 008 | 220926b ||||| |||| 00| 0 eng d | ||
| 020 | _a9781420043969 | ||
| 040 | _coclc | ||
| 082 |
_a664.024 _bRAS/N |
||
| 100 | 1 |
_99135 _aRastall, Robert |
|
| 245 |
_aNovel enzyme technology for food applications / _cRobert Rastall |
||
| 260 |
_aEngland: _bWoodhead Publishing limited, _c2007. |
||
| 300 | _a320 pages | ||
| 942 |
_2ddc _cBK _h664.024 _iRAS/N _k664.024 _mRAS/N |
||